Lanean...

Paraattu naatakavum mattum

Xehetasun bibliografikoak
Egile nagusia: Bhargavan Pillai, G
Formatua: Printed Book
Argitaratua: Kottayam, N B S 1979
Gaiak:
LEADER 005190000a22001810004500
022 |a 24-07-2004 
041 |a Malayalam 
082 |a A2 009 BHA/P L9 
100 |a Bhargavan Pillai, G 
245 |a Paraattu naatakavum mattum 
260 |a Kottayam, N B S 
260 |c 1979 
650 |a Drama 
650 |a Malayalam literature 
650 |a Study 
942 |c BK 
999 |c 144796  |d 144792 
952 |0 0  |1 0  |4 0  |6 A_2_009000000000000_BHA_P_L9  |7 0  |9 143573  |a SCC  |b SCC  |d 2017-10-11  |l 0  |o A2 009 BHA/P L9  |p SCC03640  |r 2017-10-11  |w 2017-10-11  |y BK